Estancias : the qreat houses and ranches of argenntina translated from the Spamish by Norman Thomes di Giovanni

Bibliographic Details
Main Author: Quesada, Maria Saenz
Other Authors: Vertraeten, Xavier A
Format: Book
Published: New York : Abberville Press , 1992
Subjects:

MARC

LEADER 00000cam a2200000 7i4500
001 0000004057
002 000004367
005 20010419.0
020 |a 1558592709 
090 0 0 |a 728.80982   |b QUE 
100 1 |a Quesada, Maria Saenz 
245 0 0 |a Estancias :   |b the qreat houses and ranches of argenntina   |c Text by Xavier A.Verstraeten .   |p translated from the Spamish by Norman Thomes di Giovanni 
260 |a New York :   |b Abberville Press ,   |c 1992 
300 |a 200p. :   |b Pic ;   |c 31cm. 
650 0 0 |a Haciendas   |z Argentina 
700 0 |a Vertraeten, Xavier A 
999 |a 033394   |b BUKU   |c RUJUKAN   |e PERPUSTAKAAN KOMUNITI PETALING JAYA